|
|
|
|
| LEADER |
00000nab a2200000 a 4500 |
| 001 |
vtls000162334 |
| 003 |
SK-MaSNL |
| 005 |
20260304071558.0 |
| 008 |
250422c1982 xo 0 slo |
| 015 |
|
|
|a SNBRB19rr/mm-uuuuu
|
| 035 |
|
|
|a CL0172445
|
| 035 |
|
|
|a urn:nbn:sk:snk-ab2g78
|
| 035 |
|
|
|a (urnnbn)urn:nbn:sk:snk:ar-a02dvo
|
| 035 |
|
|
|a (uuid)02e66d11-d028-4050-a4fa-252ef3061016
|
| 040 |
|
|
|a SNKBUCL
|b slo
|c SNKBUCL
|e AACR2
|
| 041 |
0 |
|
|a slo
|
| 044 |
|
|
|a xo
|c SK
|
| 080 |
|
|
|a 339.13.012.434:330.342.14
|2 1981
|
| 080 |
|
|
|a 330.342.14
|2 1981
|
| 100 |
1 |
|
|a Laučík, Zdenko,
|d 1929-
|4 aut
|9 14384
|
| 245 |
1 |
0 |
|a Osobitosti fungovania trhového mechanizmu v súčasnej kapitalistickej ekonomike
|c Zdenko Laučík
|
| 300 |
|
|
|b Lit. 17 zázn. v angl.
|
| 650 |
0 |
7 |
|a ekonomika kapitalistická
|2 snkbucl
|9 921624
|
| 650 |
0 |
7 |
|a mechanizmus trhový
|2 snkbucl
|9 884090
|
| 650 |
0 |
7 |
|a trh monopolistický
|2 snkbucl
|9 1358853
|
| 655 |
|
7 |
|a články z novín a časopisov
|2 snkbucl
|9 267496
|
| 773 |
0 |
|
|t Ekonomické rozhľady
|g Roč. 15, č. 5 (1982), s. 1-29
|
| 850 |
|
|
|a Slovenská národná knižnica
|
| 852 |
|
|
|a Slovenská národná knižnica
|
| 954 |
|
|
|a odborná, vedecká literatúra pôvodná (slovenská)
|2 lita
|
| 958 |
|
|
|a article27
|
| 958 |
|
|
|a RK
|
| 958 |
|
|
|a OND
|
| 958 |
|
|
|a EUIPO
|
| 992 |
|
|
|a RBX
|
| 999 |
|
|
|c 2761034
|d 2762964
|